| 000 | 00633cam a2200241 a 4500 | ||
|---|---|---|---|
| 999 |
_c2231 _d2231 |
||
| 001 | 12356 | ||
| 003 | BD-DhUAP | ||
| 005 | 20200222112032.0 | ||
| 008 | 200222s2003 enka b 001 0 eng | ||
| 010 | _a 84670135 | ||
| 020 | _a0571218717 | ||
| 040 |
_aDLC _cDLC _dBD-DhUAP _bEng |
||
| 082 | 0 | 0 |
_a704 REA _221 |
| 100 | 1 | _aRead, Herbert. | |
| 245 | 1 | 4 |
_aThe meaning of art / _cby Herbert Read. |
| 260 |
_aLondon : _bPenguin books, _c2003. |
||
| 300 |
_a280 pages : _billustrations ; _c19 cm. |
||
| 500 | _aIncludes index. | ||
| 650 | 0 | _aArt appreciation. | |
| 650 | 0 |
_aArt _xHistory. |
|
| 650 | 0 | _aAesthetics. | |
| 942 |
_2ddc _cBK |
||